[Event "Arab Cities-chT"]
[Site "Monastir"]
[Date "2015.11.07"]
[Round "1"]
[White "Tamra, Attallah"]
[Black "Haddad, Oussama"]
[Result "1-0"]
[WhiteElo "2036"]
[BlackElo "2013"]
[PlyCount "24"]
[EventDate "2015.11.07"]
[EventType "team-tourn"]
[EventRounds "7"]
[EventCountry "TUN"]
[SourceTitle "CBM 170 Extra"]
[Source "ChessBase"]
[SourceDate "2016.02.25"]
[SourceVersion "1"]
[SourceVersionDate "2016.02.25"]
[SourceQuality "1"]
[WhiteTeam "Qods"]
[BlackTeam "Alger ASSN"]
[WhiteTeamCountry "PLE"]
[BlackTeamCountry "ALG"]

1. Nf3 Nf6 2. g3 e6 3. Bg2 c5 4. 0-0 Nc6 5. d4 b6 6. c4 Bb7 7. Nc3 Be7 8. d5 Na5 9. d6 Bf8 10. Nb5 Qb8 11. Nc7+ Kd8 12. Nxa8 Bxa8 1-0

[Event "ALG-chT"]
[Site "Staoueli"]
[Date "2014.08.25"]
[Round "7.4"]
[White "Haddad, Oussama"]
[Black "Ouaret, Abdelouhab"]
[Result "1/2-1/2"]
[WhiteElo "2017"]
[BlackElo "1856"]
[PlyCount "115"]
[EventDate "2014.08.22"]
[EventType "team-swiss"]
[EventRounds "9"]
[EventCountry "ALG"]
[SourceTitle "EXT 2016"]
[Source "ChessBase"]
[SourceDate "2015.10.08"]
[SourceVersion "1"]
[SourceVersionDate "2015.10.08"]
[SourceQuality "1"]
[WhiteTeam "Malki NRM"]
[BlackTeam "Bejaia BCE"]
[WhiteTeamCountry "ALG"]
[BlackTeamCountry "ALG"]

1. d4 d5 2. c4 c6 3. Nc3 Nf6 4. Nf3 e6 5. e3 Nbd7 6. Bd3 Be7 7. 0-0 0-0 8. Re1 Re8 9. e4 dxe4 10. Nxe4 c5 11. Ng3 cxd4 12. Nxd4 Bb4 13. Rf1 Ne5 14. Be2 Qb6 15. Nb3 Qc6 16. Qd4 Qd6 17. Be3 Qxd4 18. Bxd4 Nc6 19. Be3 e5 20. h3 Be6 21. Rfd1 Rac8 22. Rac1 Rc7 23. Nc5 Bc8 24. a3 Ba5 25. Nce4 Nxe4 26. Nxe4 Nd4 27. Bxd4 exd4 28. Bf3 Rd7 29. b4 Bc7 30. Nc5 Rde7 31. g4 b6 32. Nb3 Bf4 33. Rb1 Rc7 34. Bd5 h5 35. Rxd4 g5 36. Kg2 hxg4 37. hxg4 Bxg4 38. Rg1 Bf5 39. Kf3 Kf8 40. Rxf4 gxf4 41. Kxf4 Be6 42. Bxe6 Rxe6 43. c5 Re2 44. Nd4 Rxf2+ 45. Ke3 Ra2 46. c6 Rxa3+ 47. Ke4 Rh3 48. Kd5 Rh6 49. Rc1 Rc8 50. c7 Ke8 51. Nb5 Kd7 52. Rf1 Rh5+ 53. Kc4 Rxb5 54. Kxb5 Rxc7 55. Rxf7+ Kc8 56. Rxc7+ Kxc7 57. Ka6 Kb8 58. b5 1/2-1/2

[Event "Zeralda Ameyar Memorial 12th"]
[Site "Zeralda"]
[Date "2014.06.21"]
[Round "2"]
[White "Haddad, Oussama"]
[Black "Amdouni, Zoubaier"]
[Result "0-1"]
[WhiteElo "2044"]
[BlackElo "2333"]
[PlyCount "62"]
[EventDate "2014.06.20"]
[EventType "swiss"]
[EventRounds "9"]
[EventCountry "ALG"]
[SourceTitle "CBM 161 Extra"]
[Source "ChessBase"]
[SourceDate "2014.08.29"]
[SourceVersion "1"]
[SourceVersionDate "2014.08.29"]
[SourceQuality "1"]

1. d4 Nf6 2. c4 e6 3. Nc3 Bb4 4. e3 0-0 5. Nf3 c5 6. Bd3 d5 7. 0-0 dxc4 8. Bxc4 Nc6 9. Qe2 cxd4 10. exd4 Nxd4 11. Nxd4 Qxd4 12. Rd1 Qh4 13. h3 Bc5 14. Bb3 Bd7 15. Be3 Bxe3 16. Qxe3 Bc6 17. Rd4 Qh5 18. Rad1 Qg6 19. g3 Qh5 20. g4 Qa5 21. Ba4 Nd5 22. Qd2 Nxc3 23. Bxc6 bxc6 24. bxc3 h6 25. Rd7 Rab8 26. c4 Qa4 27. Qd4 Qxa2 28. Rxa7 Qc2 29. Rc7 Rb3 30. Ra1 Rxh3 31. Qd6 Qe4 0-1

[Event "Arab Cities-chT"]
[Site "Monastir"]
[Date "2013.10.29"]
[Round "3.4"]
[White "Ahmed, J Majeed"]
[Black "Haddad, Oussama"]
[Result "0-1"]
[WhiteElo "2062"]
[BlackElo "2009"]
[PlyCount "61"]
[EventDate "2013.10.27"]
[EventType "team-swiss"]
[EventRounds "7"]
[EventCountry "TUN"]
[SourceTitle "EXT 2014"]
[Source "ChessBase"]
[SourceDate "2013.11.20"]
[SourceVersion "1"]
[SourceVersionDate "2013.11.20"]
[SourceQuality "1"]
[WhiteTeam "Arbiil"]
[BlackTeam "NRM"]
[WhiteTeamCountry "ALG"]
[BlackTeamCountry "ALG"]

1. e4 c5 2. d4 cxd4 3. c3 dxc3 4. Nxc3 Nc6 5. Nf3 g6 6. Bc4 Bg7 7. 0-0 d6 8. Qe2 Nf6 9. Rd1 Bg4 10. h3 Bxf3 11. Qxf3 0-0 12. Bf4 Nd7 13. Qe3 Qb6 14. Qd2 Rfe8 15. Be3 Qa5 16. a3 Rac8 17. Nd5 Qxd2 18. Rxd2 Nc5 19. f3 Ne5 20. Bb5 Nb3 21. Bxe8 Rxe8 22. Rad1 Nxd2 23. Rxd2 e6 24. Nc7 Rc8 25. Rc2 a6 26. Bb6 Nc6 27. Rc4 Bf6 28. Rxc6 bxc6 29. Nxa6 c5 30. Bc7 Bxb2 31. Bxd6 0-1

[Event "ALG-chT"]
[Site "Algiers"]
[Date "2013.08.24"]
[Round "7.1"]
[White "Haddad, Oussama"]
[Black "Khair, Adem"]
[Result "0-1"]
[WhiteElo "2034"]
[BlackElo "2112"]
[PlyCount "92"]
[EventDate "2013.08.21"]
[EventType "team-swiss"]
[EventRounds "9"]
[EventCountry "ALG"]
[SourceTitle "CBM 156 Extra"]
[Source "ChessBase"]
[SourceDate "2013.10.22"]
[SourceVersion "1"]
[SourceVersionDate "2013.10.22"]
[SourceQuality "1"]
[WhiteTeam "Maliki NRM"]
[BlackTeam "Hadjout USMM"]
[WhiteTeamCountry "ALG"]
[BlackTeamCountry "ALG"]

1. d4 Nf6 2. c4 c5 3. Nf3 cxd4 4. Nxd4 a6 5. Nc3 e6 6. g3 Qc7 7. e4 Bb4 8. Qd3 Nc6 9. Nf3 0-0 10. Bd2 Ng4 11. h3 Nge5 12. Nxe5 Nxe5 13. Qe2 f5 14. f4 Nc6 15. a3 Bc5 16. Bg2 b6 17. exf5 Rxf5 18. Be4 Rf6 19. Qd3 Bb7 20. Bxh7+ Kh8 21. Ne4 Rh6 22. Ng5 d5 23. cxd5 exd5 24. 0-0-0 Rf8 25. Bg6 Rf6 26. Be8 Bc8 27. Qxd5 Nd4 28. Bc3 Ne2+ 29. Kb1 Bf5+ 30. Ka2 Nxc3+ 31. bxc3 Bxa3 32. Kxa3 Qxc3+ 33. Qb3 Qc5+ 34. Kb2 Be6 35. Rd8 Qe7 36. Qxb6 Bg8 37. Qd4 Rb6+ 38. Kc2 Qe2+ 39. Qd2 Qc4+ 40. Qc3 Qa2+ 41. Kd3 Rhd6+ 42. Rxd6 Rxd6+ 43. Ke3 Rb6 44. Qc7 Rb3+ 45. Ke4 Qg2+ 46. Kd4 Qd5# 0-1

[Event "ALG-chT"]
[Site "Algiers"]
[Date "2013.08.23"]
[Round "5.1"]
[White "Salah Aiech, Hakim"]
[Black "Haddad, Oussama"]
[Result "0-1"]
[WhiteElo "1701"]
[BlackElo "2034"]
[PlyCount "80"]
[EventDate "2013.08.21"]
[EventType "team-swiss"]
[EventRounds "9"]
[EventCountry "ALG"]
[SourceTitle "CBM 156 Extra"]
[Source "ChessBase"]
[SourceDate "2013.10.22"]
[SourceVersion "1"]
[SourceVersionDate "2013.10.22"]
[SourceQuality "1"]
[WhiteTeam "Constantine ASEC"]
[BlackTeam "Maliki NRM"]
[WhiteTeamCountry "ALG"]
[BlackTeamCountry "ALG"]

1. e4 c5 2. Nf3 d6 3. d4 cxd4 4. Nxd4 Nf6 5. Nc3 a6 6. Be2 e5 7. Nf3 Be7 8. 0-0 b5 9. a3 Bb7 10. Bd3 Nbd7 11. Qe2 Rc8 12. Bd2 0-0 13. Rac1 Nb6 14. Rfe1 Qc7 15. Bg5 Rfe8 16. h3 Nh5 17. g3 Bxg5 18. Nxg5 Nf6 19. Nf3 h6 20. Nh4 d5 21. exd5 Nbxd5 22. Nxd5 Bxd5 23. Qe3 e4 24. Be2 Qe5 25. c3 Bb3 26. Bd1 Bc4 27. Bc2 a5 28. Kh2 Rcd8 29. Nf3 Qh5 30. Nh4 g5 31. Bd1 Rxd1 32. Rcxd1 gxh4 33. gxh4 Qxh4 34. Rg1+ Kh7 35. Qc5 Qf4+ 36. Rg3 Re5 37. Qf8 Rg5 38. Rd8 Qxf2+ 39. Kh1 Qe1+ 40. Kh2 Qxg3+ 0-1

[Event "ALG-chT"]
[Site "Algiers"]
[Date "2013.08.22"]
[Round "3.1"]
[White "Haddouche, Mohamed Amine"]
[Black "Haddad, Oussama"]
[Result "1-0"]
[WhiteElo "2455"]
[BlackElo "2034"]
[PlyCount "61"]
[EventDate "2013.08.21"]
[EventType "team-swiss"]
[EventRounds "9"]
[EventCountry "ALG"]
[SourceTitle "CBM 156 Extra"]
[Source "ChessBase"]
[SourceDate "2013.10.22"]
[SourceVersion "1"]
[SourceVersionDate "2013.10.22"]
[SourceQuality "1"]
[WhiteTeam "Constantine CEC"]
[BlackTeam "Maliki NRM"]
[WhiteTeamCountry "ALG"]
[BlackTeamCountry "ALG"]

1. e4 c5 2. Nf3 d6 3. d4 cxd4 4. Qxd4 a6 5. c4 Nc6 6. Qe3 Nf6 7. h3 g6 8. Be2 Bg7 9. 0-0 0-0 10. Nc3 Bd7 11. Rd1 Rc8 12. Rb1 Qa5 13. Bd2 Be6 14. b4 Qd8 15. Be1 Nd7 16. Nd5 Nce5 17. Nxe5 Nxe5 18. c5 Re8 19. Rbc1 f5 20. exf5 Bxf5 21. Nb6 Rb8 22. f4 Nf7 23. Bc4 h5 24. Bh4 Bf6 25. Bxf6 exf6 26. Qb3 Qe7 27. Rxd6 Kg7 28. Nd5 Qe4 29. Rxf6 Be6 30. Qc3 Bxd5 31. Bxd5 1-0

[Event "ALG-chT"]
[Site "Algiers"]
[Date "2013.08.21"]
[Round "1.1"]
[White "Oussedik, Mahfoud"]
[Black "Haddad, Oussama"]
[Result "1-0"]
[WhiteElo "2234"]
[BlackElo "2034"]
[PlyCount "50"]
[EventDate "2013.08.21"]
[EventType "team-swiss"]
[EventRounds "9"]
[EventCountry "ALG"]
[SourceTitle "CBM 156 Extra"]
[Source "ChessBase"]
[SourceDate "2013.10.22"]
[SourceVersion "1"]
[SourceVersionDate "2013.10.22"]
[SourceQuality "1"]
[WhiteTeam "Boloughine OMSE"]
[BlackTeam "Maliki NRM"]
[WhiteTeamCountry "ALG"]
[BlackTeamCountry "ALG"]

1. Nf3 Nf6 2. g3 e6 3. Bg2 c5 4. 0-0 Nc6 5. c4 Be7 6. Nc3 d5 7. cxd5 exd5 8. d4 0-0 9. dxc5 Bxc5 10. Na4 Be7 11. Be3 Bf5 12. Rc1 Rc8 13. Nd4 Nxd4 14. Qxd4 b5 15. Rxc8 Qxc8 16. Qxa7 bxa4 17. Qxe7 Qc4 18. Qa3 d4 19. b3 axb3 20. axb3 Qc3 21. Rc1 Bc2 22. Bg5 Re8 23. Qa2 d3 24. exd3 Re1+ 25. Bf1 Rxc1 1-0

[Event "ALG-ch sf"]
[Site "Sidi Bel Abbes"]
[Date "2013.03.30"]
[Round "6"]
[White "Ait Abbas, Yacine"]
[Black "Haddad, Oussama"]
[Result "0-1"]
[WhiteElo "1791"]
[BlackElo "2027"]
[PlyCount "92"]
[EventDate "2013.03.27"]
[EventType "swiss"]
[EventRounds "9"]
[EventCountry "ALG"]
[SourceTitle "CBM 153 Extra"]
[Source "ChessBase"]
[SourceDate "2013.04.22"]
[SourceVersion "1"]
[SourceVersionDate "2013.04.22"]
[SourceQuality "1"]

1. c4 Nf6 2. Nc3 e6 3. g3 d5 4. d4 Be7 5. cxd5 exd5 6. Bg2 0-0 7. Nf3 b6 8. 0-0 Bb7 9. Bf4 Nbd7 10. Rc1 c5 11. Qb3 cxd4 12. Nxd4 Nc5 13. Qc2 Nce4 14. Rfd1 Nxc3 15. Qxc3 Rc8 16. Qd3 Bc5 17. a3 a5 18. Nb3 Be7 19. Rxc8 Qxc8 20. Rc1 Qa8 21. Rc7 Bd8 22. Rc1 Ba6 23. Qc2 Ne4 24. Nd2 Re8 25. Nxe4 dxe4 26. Bh3 Bf6 27. b3 Be7 28. Bd7 Rd8 29. Bc6 Qc8 30. Qxe4 Bxa3 31. Rc2 Bc5 32. Be3 Bxe3 33. Qxe3 Qb8 34. Qe4 Qd6 35. Kg2 h6 36. Bb7 Bxb7 37. Qxb7 Qd5+ 38. Qxd5 Rxd5 39. Kf3 Rb5 40. Rc3 Kf8 41. e4 Ke7 42. Ke3 Kd6 43. f4 Rc5 44. Kd3 f5 45. g4 a4 46. h3 axb3 0-1

[Event "ALG-ch sf"]
[Site "Sidi Bel Abbes"]
[Date "2013.03.30"]
[Round "7"]
[White "Haddad, Oussama"]
[Black "Neggazi, Youcef"]
[Result "1-0"]
[WhiteElo "2027"]
[BlackElo "1683"]
[PlyCount "101"]
[EventDate "2013.03.27"]
[EventType "swiss"]
[EventRounds "9"]
[EventCountry "ALG"]
[SourceTitle "CBM 153 Extra"]
[Source "ChessBase"]
[SourceDate "2013.04.22"]
[SourceVersion "1"]
[SourceVersionDate "2013.04.22"]
[SourceQuality "1"]

1. d4 Nf6 2. c4 g6 3. Nc3 Bg7 4. e4 d6 5. Nf3 0-0 6. Be2 e5 7. 0-0 Nc6 8. d5 Ne7 9. Ne1 Ne8 10. Be3 f5 11. f3 f4 12. Bf2 g5 13. c5 Rf6 14. Rc1 Rg6 15. cxd6 cxd6 16. Nb5 a6 17. Nc7 Nxc7 18. Bb6 Qe8 19. Rxc7 Bf8 20. Nd3 Rg7 21. Qb3 Kh8 22. Rfc1 h5 23. Kh1 g4 24. Bf1 h4 25. fxg4 Rxg4 26. Nf2 Rg8 27. Qf3 Bh6 28. R1c3 Rg7 29. Nh3 Rg8 30. Qf2 Ng6 31. Qf3 Ne7 32. Bf2 Bg4 33. Qd3 f3 34. gxf3 Bd7 35. Bxh4 Ng6 36. Bf6+ Bg7 37. Qe3 Nf4 38. Bxg7+ Rxg7 39. Nxf4 exf4 40. Qd4 Qe7 41. Rc1 Rd8 42. R1c2 Kh7 43. Rg2 Rdg8 44. Rxg7+ Rxg7 45. Qf2 Kh6 46. Bh3 Qf6 47. Rxd7 Rg8 48. Bf5 Rg7 49. Rxg7 Kxg7 50. Qg2+ Kf8 51. Be6 1-0

[Event "ALG-TUR"]
[Site "Algiers"]
[Date "2012.12.26"]
[Round "4.2"]
[White "Koksal, Ege"]
[Black "Haddad, Oussama"]
[Result "1-0"]
[WhiteElo "2205"]
[BlackElo "2053"]
[PlyCount "109"]
[EventDate "2012.12.23"]
[EventType "team-schev"]
[EventRounds "8"]
[EventCountry "ALG"]
[SourceTitle "CBM 152 Extra"]
[Source "ChessBase"]
[SourceDate "2013.02.25"]
[SourceVersion "1"]
[SourceVersionDate "2013.02.25"]
[SourceQuality "1"]
[WhiteTeam "Turkey"]
[BlackTeam "Algeria"]
[WhiteTeamCountry "TUR"]
[BlackTeamCountry "ALG"]

1. d4 Nf6 2. Nf3 e6 3. Bf4 c5 4. e3 Nc6 5. c3 Be7 6. h3 b6 7. Bd3 Bb7 8. 0-0 0-0 9. Nbd2 Rc8 10. Qe2 d6 11. Rad1 Re8 12. Rfe1 Bf8 13. dxc5 bxc5 14. e4 e5 15. Bg5 h6 16. Bxf6 Qxf6 17. Ba6 Bxa6 18. Qxa6 Qe6 19. Qc4 Qf6 20. Qe2 Ne7 21. Nc4 Ng6 22. g3 Qe6 23. Kg2 Red8 24. Rd5 Ne7 25. Rd2 f6 26. Red1 d5 27. exd5 Rxd5 28. Rxd5 Nxd5 29. Qe4 Rd8 30. Rd2 Qc6 31. Kf1 Ne7 32. Qxc6 Nxc6 33. Ke2 Kf7 34. Ncxe5+ fxe5 35. Nxe5+ Nxe5 36. Rxd8 c4 37. Rc8 Bd6 38. f4 Nd3 39. Rxc4 Nxb2 40. Re4 a5 41. a4 Kf6 42. g4 g5 43. fxg5+ Kxg5 44. Kd2 Kh4 45. Kc2 Nxa4 46. g5+ Kxg5 47. Rxa4 Bc7 48. Rc4 Bd8 49. Kb3 Kf5 50. Ka4 Kg5 51. Rc8 Bf6 52. c4 Be7 53. c5 Kh4 54. c6 Kxh3 55. Rh8 1-0

[Event "Kheireddine Ameyar Memorial"]
[Site "Tipaza"]
[Date "2011.06.25"]
[Round "1"]
[White "Bellahcene, Meriem"]
[Black "Haddad, Oussama"]
[Result "0-1"]
[WhiteElo "1491"]
[BlackElo "2006"]
[PlyCount "31"]
[EventDate "2011.06.25"]
[EventType "swiss"]
[EventRounds "9"]
[EventCountry "ALG"]
[SourceTitle "CBM 143 Extra"]
[Source "ChessBase"]
[SourceDate "2011.08.29"]
[SourceVersion "1"]
[SourceVersionDate "2011.08.29"]
[SourceQuality "1"]

1. e4 c5 2. Nf3 d6 3. d4 cxd4 4. Nxd4 Nf6 5. Nc3 a6 6. Bd3 e5 7. Nf3 Be7 8. h4 Nc6 9. a3 b5 10. Be2 Bb7 11. Be3 Rc8 12. 0-0 Na5 13. Bd3 Nc4 14. b3 Nxe3 15. fxe3 Rxc3 16. a4 0-1

[Event "Kheireddine Ameyar Memorial"]
[Site "Tipaza"]
[Date "2011.06.25"]
[Round "2"]
[White "Haddad, Oussama"]
[Black "Savchenko, Stanislav"]
[Result "0-1"]
[WhiteElo "2006"]
[BlackElo "2508"]
[PlyCount "57"]
[EventDate "2011.06.25"]
[EventType "swiss"]
[EventRounds "9"]
[EventCountry "ALG"]
[SourceTitle "CBM 143 Extra"]
[Source "ChessBase"]
[SourceDate "2011.08.29"]
[SourceVersion "1"]
[SourceVersionDate "2011.08.29"]
[SourceQuality "1"]

1. d4 d5 2. c4 c6 3. Nf3 Nf6 4. Nc3 dxc4 5. a4 Bf5 6. e3 e6 7. Bxc4 Bb4 8. 0-0 0-0 9. Qe2 Nbd7 10. e4 Bg4 11. Bd3 e5 12. Be3 Qe7 13. h3 Bxf3 14. Qxf3 exd4 15. Bxd4 Ne5 16. Bxe5 Qxe5 17. Ne2 Rad8 18. Rfd1 Rd7 19. Ng3 Rfd8 20. Rab1 g6 21. b3 Kg7 22. Be2 Bd2 23. Bc4 h5 24. h4 a5 25. Kh1 Rd6 26. Kg1 R6d7 27. Kh1 Ng4 28. Rf1 Rd6 29. Qe2 0-1